MARC

Tag First Indicator Second Indicator Subfields
LEADER 00000cam a22000007i 4500
001 in00004751613
006 m o d
007 cr cn|||||||||
008 230902s2024 nyua o ||0 0 eng d
005 20240226220430.0
019 |a 1395947238 
020 |a 9781462553471  |q electronic book 
020 |a 1462553478  |q electronic book 
020 |z 1462553133 
020 |z 9781462553136 
035 |a (OCoLC)on1396065142 
035 |a (OCoLC)1396065142  |z (OCoLC)1395947238 
040 |a EBLCP  |b eng  |e rda  |c EBLCP  |d YDX  |d N$T  |d YDX  |d OCLCO  |d OCLCL  |d TMA 
060 4 |a WM 19.5  |b S274i 2024eb 
100 1 |a Norcross, John C. 
245 1 0 |a Insider's guide to graduate programs in clinical and counseling psychology :  |b 2024/2025 edition /  |c John C. Norcross, Michael A. Sayette. 
246 3 0 |a Graduate programs in clinical and counseling psychology 
250 |a 2024/2025 edition. 
264 1 |a New York :  |b The Guilford Press,  |c [2024] 
264 4 |c ©2024 
300 |a 1 online resource :  |b illustrations 
336 |a text  |b txt  |2 rdacontent 
337 |a computer  |b c  |2 rdamedia 
338 |a online resource  |b cr  |2 rdacarrier 
504 |a Includes bibliographical references. 
505 0 |a Introducing Clinical and Counseling Psychology -- Deciding between the Master's and the Doctorate -- Choosing the Ph.D. or Psy.D. -- Preparing for Graduate School -- Getting Started -- Selecting Schools -- Applying to Programs -- Mastering the Interview -- Making Final Decisions. 
650 0 |a Clinical psychology  |x Study and teaching (Graduate)  |z United States  |v Directories. 
650 0 |a Counseling psychology  |x Study and teaching (Graduate)  |z United States  |v Directories. 
650 0 |a Clinical psychology  |x Vocational guidance  |z North America  |v Directories. 
650 0 |a Counseling psychology  |x Vocational guidance  |z North America  |v Directories. 
650 2 |a Education, Graduate. 
650 2 |a Counseling. 
650 2 |a Psychology, Clinical. 
651 2 |a Canada. 
651 2 |a United States. 
655 2 |a Directory. 
700 1 |a Sayette, Michael A. 
856 4 0 |u https://ebookcentral.proquest.com/lib/tamum-ebooks/detail.action?docID=30721336  |z Connect to the full text of this electronic book  |t 0 
948 |h HELD BY TMV - 34 OTHER HOLDINGS 
994 |a Z0  |b TMV 
999 f f |s 6f94578b-4072-4784-9294-f5d90bf3baca  |i afd3577f-b070-4b76-ad65-a7ea8cbb5b25  |t 0 
952 f f |a Texas A&M University  |b College Station  |c Electronic Resources  |d Available Online  |t 0  |e WM 19.5 S274i 2024eb  |h National Library of Medicine classification 
998 f f |a WM 19.5 S274i 2024eb  |t 0  |l Available Online